DISCRETE MATHEMATICS (Record no. 9508)

MARC details
000 -LEADER
fixed length control field 00676nam a22001697a 4500
003 - CONTROL NUMBER IDENTIFIER
control field SGT
020 ## - INTERNATIONAL STANDARD BOOK NUMBER
International Standard Book Number 9781259062537
082 ## - DEWEY DECIMAL CLASSIFICATION NUMBER
Classification number 512.02,LIP
100 ## - MAIN ENTRY--PERSONAL NAME
Personal name LIPSCHUTZ,SEYMOUR
245 ## - TITLE STATEMENT
Title DISCRETE MATHEMATICS
250 ## - EDITION STATEMENT
Edition statement 3RD
260 ## - PUBLICATION, DISTRIBUTION, ETC. (IMPRINT)
Place of publication, distribution, etc NEW DELHI
Name of publisher, distributor, etc TMH
Year of Publication 2013
300 ## - PAGE DESCRIPTION
No. of Pages V.P
650 ## - SUBJECT ADDED ENTRY--TOPICAL TERM
Topical term or geographic name as entry element MATHEMATICS
653 ## - KEYWORDS--INDEX TERM
Keyword term 1. SET THEORY 2. RELATIONS 3. FUNCTIONS AND ALGORITHMS 4. LOGIC AND PROPOSITIONAL CALCULUS 5. VECTORS AND MATRICES 6. COUNTING 7. PROBABILITY THEORY 8. GRAPH THEORY 9. DIRECTED GRAPHS 10. BINARY TREES 11. PROPERTIES OF THE INTEGERS 12. ALGEBRAIC SYSTEMS 13. ORDERED SETS AND LATTICES 14. BOOLEAN ALGEBRA 15. RECURRENCE RELATIONS
942 ## - ADDED ENTRY ELEMENTS (KOHA)
Source of classification or shelving scheme Dewey Decimal Classification
Koha item type FPS Books
942 ## - ADDED ENTRY ELEMENTS (KOHA)
-- 44
Holdings
Withdrawn status Lost status Source of classification or shelving scheme Damaged status Not for loan Collection code Home library Current library Shelving location Date acquired Vendor Name Cost, normal purchase price SGTU Bill Number Total Checkouts Full call number Accession No. (Barcode) Date last seen Date last borrowed Bill Date Koha item type
    Dewey Decimal Classification   Not For Loan SCIENCE SGT Science & Social Sciences Library SGT Science & Social Sciences Library Reference Book 06/07/2016 AHUJA BOOK 575.00 SGTU 6680 1 512.02,LIP PS1465 16/12/2016 14/12/2016 03/03/2016 FPS Books
    Dewey Decimal Classification     SCIENCE SGT Science & Social Sciences Library SGT Science & Social Sciences Library Text Book 03/09/2016 AHUJA BOOK 575.00 SGTU 7161 11 512.02,LIP PS2370 13/08/2025 13/08/2025 16/08/2016 FPS Books
    Dewey Decimal Classification     SCIENCE SGT Science & Social Sciences Library SGT Science & Social Sciences Library Text Book 03/09/2016 AHUJA BOOK 575.00 SGTU 7161 9 512.02,LIP PS2371 11/11/2024 13/09/2024 16/08/2016 FPS Books
    Dewey Decimal Classification     SCIENCE SGT Science & Social Sciences Library SGT Science & Social Sciences Library Text Book 03/09/2016 AHUJA BOOK 575.00 SGTU 7161 19 512.02,LIP PS2372 12/09/2024 23/08/2024 16/08/2016 FPS Books
    Dewey Decimal Classification     SCIENCE SGT Science & Social Sciences Library SGT Science & Social Sciences Library Text Book 03/09/2016 AHUJA BOOK 575.00 SGTU 7161 20 512.02,LIP PS2373 23/11/2024 11/11/2024 16/08/2016 FPS Books